01363nac a22002651i 4500003000900000005001700009008004100026020001500067040004300082082001700125245008500142264004500227300004600272336002600318337002800344338002700372504005200399505041600451650001900867655001700886700003800903942001200941999001500953952012900968EG-ScBUE20250126101414.0250126s1981 enka f b 001 0 eng d a0198511515 aEG-ScBUEbengerdacEG-ScBUEdEG-ScBUE04a530bNAT22204aThe nature of matter :bWolfson College lectures 1980 /cedited by J. H. Mulvey. 1aOxford :bClarendon Press Oxford,c1981. axiii, 202 pages :billustrations ;c25 cm 2rdacontentatextbtxt aunmediated2rdamediabn avolumebnc2rdacarrier aIncludes bibliographical references and index. 0 aIntroduction -- The organization of the universe / by Denis Wilkinson -- Particles and forces / by Rudolf Peierls -- Manifest and hidden symmetries / by C.H. Llewellyn Smith -- Inside the proton / by D.H. Perkins -- Unification of the forces / by Abdus Salam -- The very large and the very small / by John Ellis -- The tools of particle physics / by J.B. Adams -- Questions for the future / by Murray Gell-Mann. 7aMatter.2BUEsh vReading book1 aMulvey, J. H.q(John H.)eeditor. cBB2ddc c3920d3920 00104070aMAINbMAINc1STd2007-08-06ePurchasel2m4o530 NATp000005068r2025-07-15 00:00:00s2023-01-11w2007-08-06yBB